000 01080cam a2200133 4500500
005 20251214005353.0
041 _afre
042 _adc
100 1 0 _aCreton, Laurent
_eauthor
245 0 0 _aEconomie du cinéma
260 _bArmand Colin,
_c2014.
520 _aConfronté à l’emprise croissante du système téléaudiovisuel et à la concurrence renouvelée de la production américaine, le cinéma français est en quête d’identité et cherche les voies d’un regain de compétitivité.Économie du cinéma offre un cadre conceptuel pour étudier le jeu des acteurs en présence et pour analyser les enjeux, les options, les déploiements et les conditions de mise en œuvre de leurs stratégies. La nouvelle édition de cet ouvrage de référence permet de mieux comprendre le fonctionnement de la filière cinématographique et de tracer ses principales perspectives dans une période de recomposition industrielle et de bouleversement technologique.
856 4 1 _uhttps://shs.cairn.info/economie-du-cinema--9782200291525?lang=fr&redirect-ssocas=7080
999 _c1568803
_d1568803